000 01271cam a22002531i 4500
003 SA-RiAUC
005 20250220063409.0
008 250219s1939 ua g 000 0 ara c
040 _aSA-JeALM
_bara
_cSA-RiAUC
_erda
082 0 4 _a414
_qSA-RiAUC
090 _aن 414 ا ب ن ا
_b ا ب ن ا
100 1 _aابن الأثير الكاتب، نصر الله بن محمد بن محمد،
_d558-637 هجري
_eمؤلف.
245 1 2 _aالمثل السائر في أدب الكاتب والشاعر /
_cضياء الدين أبو الفتح نصر الله بن محمد الجزري بن الأثير ؛ تحقيق محمد محيي الدين عبد الحميد.
264 1 _aالقاهرة :
_bشركة مكتبة مطبعة مصطفى البابي الحلبي،
_c1939
300 _a2 مجلد.؛
_c24 سم
336 _aنص
_btxt
_2rdacontent
_3كتاب
337 _aبدون وسيط
_bn
_2rdamedia
338 _aمجلد
_bnc
_2rdacarrier
500 _aملاحظات من الشيخ رحمه الله في بداية الكتاب
650 7 _aالبلاغة العربية
_2aucsh
700 1 _aعبد الحميد، محمد محيي الدين،
_d1318-1393 هجري
_eمحقق.
942 _2ddc
_cRARE BOOK
_n0
949 _aSA-JeALM
_d250219
_uosman123
_n1
999 _c6101
_d6101